Local Names of Countries that Start with C - Statistics

General Stats
  • This quiz has been taken 16 times
  • The average score is 8 of 22
Answer Stats
Picture Answer % Correct
Canada
100%
Chile
93%
Cuba
87%
Colombia
80%
Costa Rica
67%
Cote d'Ivoire
67%
République Démocratique du Congo
60%
République du Congo
60%
Hrvatska
53%
Cabo Verde
27%
Kampuchea
27%
Cameroun
20%
Ceska Republika
20%
Tchad
20%
Kypros
13%
Cayman Islands
7%
Christmas Island
7%
Republique Centrafricaine
7%
Zhong Guo
7%
Cocos (Keeling) Islands
0%
Komori
0%
Kūki 'Āirani
0%
No matching quizzes found
Score Distribution
Percent of People with Each Score
Percentile by Number Answered
Your Score History
You have not taken this quiz